00289pab a2200109 454500008003600000100001400036245003800050362002100088650002700109650002400136773001900160180718b xxu||||| |||| 00| 0 eng d aJain L.C. aUnemployment: lessons from Europe a22 Jul 1994, p.6 a Unemployment -- India aEmployment -- India aEconomic Times